LEADER 00783nab a2200145 i 4500 001 000000324299 003 CaOOAMICUS 005 20180831173441.0 008 180831n xx uu u0 0und r 013 $a35093 040 $aSeMil$bita 245 10$aScuola e cultura :$bLa tolleranza : dimensioni filosofiche, etiche, sociali e politiche. 650 4$aTolleranza.$0(OLS)http://semarc/subject/17972 773 0 $tRazionalità classica e razionalità moderna ; politiche scolastiche ed emergenze formative ; Una nuova cittadinanza per una società multiculturale ; Il suicidio dell'adolescente ; L'esperto di lingua cerca il suo profilo...- 111 p.$gp.23-38$w()285282 996 $6245$aScuola e cultura :$bLa tolleranza : dimensioni filosofiche, etiche, sociali e politiche$9(OLS)http://semarc/title/397595 LEADER 00364nab a2200133 i 4500 001 000000313585 003 CaOOAMICUS 005 20180831173115.0 008 180831n xx uu u0 0und r 013 $a22676 040 $aSeMil$bita 245 10$aPer un necrologio. 773 0 $t[Luglio-Dicembre].$g41-42$w()274230 996 $6245$aPer un necrologio$9(OLS)http://semarc/title/387832